000 00711nam a22002177a 4500
005 20140721110223.0
010 _aENG-109914
020 _a9788172736477
_c900.00
035 _aEN-93447
035 _aB-534657-660
037 _bDBAD/PUB
037 _bStar Pub/Ven
_adpl
082 _a398.20954
100 _aPrem, P.C.K.
245 0 0 _aIndian literature and universal oneness /
_cby P.C.K. Prem
260 _aNew Delhi
_bAuthorpress
_c2013
270 _aQ-2A, Hauz Khas Enclave
_bNew Delhi
_e110016
300 _aV.1(xli,293p.)
_c23cm(Hb)
942 _2ddc
_cEN
_mPRE
_h398.20954
999 _c83966
_d83966